Hybridná nano-biodegradácia polychlórovaných bifenylov (PCB) bionanočasticami a adaptovanými baktériami

Salvato in:
Dettagli Bibliografici
Autore principale: Világi, Gabriela (Autore)
Altri autori: Dercová, Katarína (Relatore della tesi)
Natura: Manoscritto Libro
Lingua:slovacco
Pubblicazione: 2024
Soggetti:
Accesso online:http://is.stuba.sk/zp/portal_zp.pl?podrobnosti=176671
Tags: Aggiungi Tag
Nessun Tag, puoi essere il primo ad aggiungerne!!

MARC

LEADER 00000ntm a22000003a 4500
001 stuzp98735
003 SK-STU
005 20240601210414.5
007 ta
008 150427s2015----xo-----f-mn---000-0-slo-d
040 |a STU  |b slo 
041 0 |a slo 
100 1 |a Világi, Gabriela  |u 044000  |4 aut  |U FCHPT Fakulta chemickej a potravinárskej technológie  |T FCHPT Ústav biotechnológie  |X 104835  |U C4000  |Y 102  |7 104835 
242 0 1 |a Hybrid nano-biodegradation of polychlorinated biphenyls (PCBs) using bionanoparticles and adapted bacteria  |y eng 
245 1 0 |a Hybridná nano-biodegradácia polychlórovaných bifenylov (PCB) bionanočasticami a adaptovanými baktériami 
260 |c 2024 
650 4 |a PCB  |2 slo 
650 4 |a polyfenoly  |2 slo 
650 4 |a bionanočastice  |2 slo 
650 4 |a baktérie  |2 slo 
650 4 |a nano-bioremediácia  |2 slo 
650 4 |a nanodegradácia  |2 slo 
650 4 |a polyphenols  |2 eng 
650 4 |a nanodegradation  |2 eng 
650 4 |a bionanoparticles  |2 eng 
650 4 |a PCBs  |2 eng 
650 4 |a nano-bioremediation  |2 eng 
650 4 |a bacteria  |2 eng 
700 1 |a Dercová, Katarína  |u 044000  |k Z1  |4 ths  |U FCHPT Fakulta chemickej a potravinárskej technológie  |T FCHPT Ústav biotechnológie  |X 3334  |U C4000  |Y 102  |7 A000003334 
856 4 |u http://is.stuba.sk/zp/portal_zp.pl?podrobnosti=176671